Leyes emitidas por el Gobierno democrático de la República de Guatemala y por la Asamblea Nacional Lejislativa [sic] desde 1º de julio de 1881 a 30 de junio de 1883 / (Record no. 154831)

MARC details
000 -LEADER
campo de control de longitud fija 01054nam a22002415i 4500
001 - NÚMERO DE CONTROL
campo de control 154831
003 - IDENTIFICADOR DE NÚMERO DE CONTROL
campo de control ES-MaACL
005 - FECHA Y HORA DE LA ÚLTIMA TRANSACCIÓN
campo de control 20250825102813.0
008 - DATOS DE LONGITUD FIJA--INFORMACIÓN GENERAL
campo de control de longitud fija 040812s1883 gt |||| | spa d
110 0# - ENTRADA PRINCIPAL--NOMBRE DE ENTIDAD CORPORATIVA
Nombre de entidad corporativa o nombre de jurisdicción como elemento de entrada Guatemala.
Unidad subordinada Gobierno
Término indicativo de función/relación entidad responsable
9 (RLIN) 4552
245 19 - MENCIÓN DEL TÍTULO
Título Leyes emitidas por el Gobierno democrático de la República de Guatemala y por la Asamblea Nacional Lejislativa [sic] desde 1º de julio de 1881 a 30 de junio de 1883 /
Mención de responsabilidad, etc. recopiladas por V. Guerra.
246 1# - FORMA VARIANTE DEL TITULO
Título propio/Titulo breve Leyes emitidas por el Gobierno democrático de la República de Guatemala y por la Asamblea Nacional Legislativa desde 1º de julio de 1881 a 30 de junio de 1883
260 ## - PUBLICACIÓN, DISTRIBUCIÓN, ETC.
Lugar de publicación, distribución, etc. Guatemala :
Nombre del editor, distribuidor, etc. [s.n.],
Fecha de publicación, distribución, etc. 1883
Fabricante (Tip. El Progreso)
300 ## - DESCRIPCIÓN FÍSICA
Extensión 1 volumen (503 páginas) ;
Dimensiones 27 cm.
500 ## - NOTA GENERAL
Nota general Solo v. III
650 #4 - PUNTO DE ACCESO ADICIONAL DE MATERIA--TÉRMINO DE MATERIA
Término de materia o nombre geográfico como elemento de entrada Derecho-
Subdivisión geográfica Guatemala.
9 (RLIN) 173734
655 #0 - TERMINO DE INDIZACIÓN--GENERO/FORMA
Datos o término principal de género/forma Legislación
9 (RLIN) 226283
700 1# - ENTRADA AGREGADA--NOMBRE PERSONAL
Nombre de persona Guerra, V.
9 (RLIN) 127604
Término indicativo de función/relación Editor literario
852 ## - LOCALIZACIÓN
Ubicación ES-MaACL
Ubicación en estantería Depósito 2
Donativo/Legado Donativo Roda
Número de control de estantería F-733
942 ## - ELEMENTOS DE ENTRADA SECUNDARIOS (KOHA)
Fuente del sistema de clasificación o colocación Clasificación decimal universal
Tipo de ítem Koha Libro impreso antiguo
Suprimir en OPAC No
Holdings
Estatus retirado Estado de pérdida Fuente del sistema de clasificación o colocación Estado de daño No para préstamo Colección Biblioteca de origen Biblioteca actual Ubicación en estantería Fecha de adquisición Fuente de adquisición Total de préstamos Signatura topográfica completa Código de barras Visto por última vez Tipo de ítem Koha
    Clasificación decimal universal     Libros del s. XIX Biblioteca del Ateneo de Madrid Biblioteca del Ateneo de Madrid Depósito 2 17/01/2008 Donación   F-733 1161949 23/02/2023 Libro impreso antiguo